000 00612nam a2200193 4500
999 _c170380
_d170380
005 20191213151438.0
010 _aENG-127133
020 _a9789389588385
_c300.00
035 _aEN-110665
037 _bDBAD/PUB
082 _a327.1
100 _aDattagupta, Rupak
245 _aGlobal politics /
_bby Rupak Dattagupta
260 _aNoida
_bPearson India Education
_c2020
270 _a15th Floor, Tower-b, World Trade Tower, Plot No.-1, Block -C, Sector 16
_bNoida
_e201301
300 _axiii;240p.
_c23cm(pbk)
500 _aIncludes references and index
942 _2ddc
_cEN
_h327.1
_mDAT